Entrada Término temático
Número de registros utilizados en: 1
001 - NÚMERO DE CONTROL
003 - IDENTIFICADOR DEL NÚMERO DE CONTROL
- campo de control:
DR-UNIBE
005 - FECHA Y HORA DE LA ÚLTIMA TRANSACCIÓN
- campo de control:
20260330092559.0
008 - DATOS DE LONGITUD FIJA
- campo de control de longitud fija:
260330|| aca||aabn | a|a d
040 ## - FUENTE DE LA CATALOGACIÓN
- Centro catalogador/agencia de origen:
DR-UNIBE
- Centro/agencia transcriptor:
DR-UNIBE
650 ## -
- :
Administración de Justicia
- :
Panamá
- :
Historia
- :
Siglo XX
670 ## - FUENTE DE DATOS ENCONTRADOS
- Cita de la fuente:
Work cat.: (DR-UNIBE)114497: República de Panamá. Órgano Judicial 203620, Perspectivas históricas sobre la justicia panameña en su primeros centenario 1903-2003, 2003